[Event "178th Stay Safe Play From Home series"]
[Site "T#646379Emanuel Laske"]
[Date "2020.05.27"]
[Round "9"]
[White "The Next Contender"]
[Black "SoulofWolf"]
[Result "1-0"]
[WhiteElo "1926"]
[BlackElo "2212"]
[Annotator "RC"]
[PlyCount "133"]
[EventDate "2020.05.27"]
[EventType "swiss (blitz)"]

1. d4 {[%emt 0:00:01]} e6 {[%emt 0:00:00]} 2. c4 {[%emt 0:00:01]} Nf6 {[%emt 0:00:01]} 3. g3 {[%emt 0:00:00]} d5 {[%emt 0:00:00]} 4. Bg2 {[%emt 0:00:01]} c6 {[%emt 0:00:00]} 5. Nf3 {[%emt 0:00:00]} Be7 {[%emt 0:00:00]} 6. O-O {[%emt 0:00:00]} O-O {[%emt 0:00:00]} 7. e3 {[%emt 0:00:00]} Nbd7 {[%emt 0:00:00]} 8. Nc3 {[%emt 0:00:00]} Re8 {[%emt 0:00:00]} 9. b3 {[%emt 0:00:00]} b6 {[%emt 0:00:00]} 10. Bb2 {[%emt 0:00:00]} Bb7 {[%emt 0:00:00]} 11. Rc1 {[%emt 0:00:00]} Rc8 {[%emt 0:00:01]} 12. Qe2 {[%emt 0:00:00]} Qc7 {[%emt 0:00:00]} 13. Rfd1 {[%emt 0:00:00]} Qb8 {[%emt 0:00:01]} 14. cxd5 {[%emt 0:00:00]} exd5 {[%emt 0:00:01]} 15. Nd2 {[%emt 0:00:01]} Bb4 {[%emt 0:00:02]} 16. a3 {[%emt 0:00:01]} Bd6 {[%emt 0:00:01]} 17. b4 {[%emt 0:00:01]} a6 {[%emt 0:00:02]} 18. Nf3 {[%emt 0:00:00]} Re7 {[%emt 0:00:01]} 19. Na4 {[%emt 0:00:01]} Rce8 {[%emt 0:00:02]} 20. Rc2 {[%emt 0:00:01]} Ne4 {[%emt 0:00:01]} 21. Rdc1 {[%emt 0:00:01]} h6 {[%emt 0:00:01]} 22. Nd2 {[%emt 0:00:01]} Nxd2 {[%emt 0:00:04]} 23. Qxd2 {[%emt 0:00:00]} b5 {[%emt 0:00:00]} 24. Nc5 {[%emt 0:00:02]} Nxc5 {[%emt 0:00:00]} 25. dxc5 {[%emt 0:00:00]} Bc7 {[%emt 0:00:00]} 26. Qd4 {[%emt 0:00:01]} f6 {[%emt 0:00:01]} 27. Bh3 {[%emt 0:00:01]} Bc8 {[%emt 0:00:01]} 28. Bg2 {[%emt 0:00:01]} Bf5 {[%emt 0:00:02]} 29. Re2 {[%emt 0:00:03]} Qc8 {[%emt 0:00:03]} 30. Qd2 {[%emt 0:00:02]} Bg4 {[%emt 0:00:02]} 31. Ree1 {[%emt 0:00:01]} Bf5 {[%emt 0:00:01]} 32. Red1 {[%emt 0:00:01]} Bg4 {[%emt 0:00:01]} 33. Re1 {[%emt 0:00:01]} Bh5 {[%emt 0:00:01]} 34. Qd3 {[%emt 0:00:01]} Kf7 {[%emt 0:00:02]} 35. Qf1 {[%emt 0:00:02]} Bg6 {[%emt 0:00:01]} 36. Bh3 {[%emt 0:00:00]} f5 {[%emt 0:00:04]} 37. Qe2 {[%emt 0:00:01]} Be5 {[%emt 0:00:00]} 38. Bxe5 {[%emt 0:00:01]} Rxe5 {[%emt 0:00:00]} 39. Qd3 {[%emt 0:00:00]} Qe6 {[%emt 0:00:01]} 40. e4 {[%emt 0:00:01]} dxe4 {[%emt 0:00:01]} 41. Qd2 {[%emt 0:00:01]} Re7 {[%emt 0:00:01]} 42. Rcd1 {[%emt 0:00:01]} Rd5 {[%emt 0:00:01]} 43. Qc2 {[%emt 0:00:01]} Red7 {[%emt 0:00:00]} 44. Rxd5 {[%emt 0:00:03]} Qxd5 {[%emt 0:00:00]} 45. Bf1 {[%emt 0:00:03]} Qd2 {[%emt 0:00:02]} 46. Qb3+ {[%emt 0:00:01]} Qd5 {[%emt 0:00:01]} 47. Qc2 {[%emt 0:00:01]} Ke7 {[%emt 0:00:01]} 48. a4 {[%emt 0:00:01]} Bf7 {[%emt 0:00:01]} 49. axb5 {[%emt 0:00:01]} axb5 {[%emt 0:00:00]} 50. Be2 {[%emt 0:00:01]} Qd2 {[%emt 0:00:01]} 51. Qb1 {[%emt 0:00:02]} Qc3 {[%emt 0:00:02]} 52. Rd1 {[%emt 0:00:01]} Rxd1+ {[%emt 0:00:01]} 53. Bxd1 {[%emt 0:00:00]} Qc4 {[%emt 0:00:02]} 54. Qb2 {[%emt 0:00:02]} Qd5 {[%emt 0:00:02]} 55. Be2 {[%emt 0:00:01]} Qe6 {[%emt 0:00:01]} 56. Bf1 {[%emt 0:00:00]} g5 {[%emt 0:00:00]} 57. Qa3 {[%emt 0:00:01]} Bg6 {[%emt 0:00:00]} 58. Qa7+ {[%emt 0:00:00]} Kf6 {[%emt 0:00:00]} 59. Qa1+ {[%emt 0:00:01]} Qe5 {[%emt 0:00:01]} 60. Qa7 {[%emt 0:00:01]} f4 {[%emt 0:00:00]} 61. Qa6 {[%emt 0:00:01]} Kf5 {[%emt 0:00:00]} 62. Qxc6 {[%emt 0:00:00]} fxg3 {[%emt 0:00:00]} 63. hxg3 {[%emt 0:00:01]} e3 {[%emt 0:00:00]} 64. Bh3+ {[%emt 0:00:01]} g4 {[%emt 0:00:01]} 65. Qc8+ {[%emt 0:00:00]} Kf6 {[%emt 0:00:01]} 66. Qf8+ {[%emt 0:00:01]} Kg5 {[%emt 0:00:01]} 67. Qd8+ {[%emt 0:00:01] Czas partii (Lag: Av=0.44s, max=0.9s)} 1-0

[Event "178th Stay Safe Play From Home series"]
[Site "T#646379Emanuel Laske"]
[Date "2020.05.27"]
[Round "9"]
[White "Tunca"]
[Black "Eidgenosse"]
[Result "0-1"]
[WhiteElo "1834"]
[BlackElo "2441"]
[Annotator "RC"]
[PlyCount "64"]
[EventDate "2020.05.27"]
[EventType "swiss (blitz)"]

1. e4 {[%emt 0:00:01]} d6 {[%emt 0:00:00]} 2. d4 {[%emt 0:00:01]} Nf6 {[%emt 0:00:00]} 3. Nc3 {[%emt 0:00:01]} e5 {[%emt 0:00:00]} 4. Bc4 {[%emt 0:00:02]} Nbd7 {[%emt 0:00:02]} 5. Nf3 {[%emt 0:00:02]} Be7 {[%emt 0:00:00]} 6. O-O {[%emt 0:00:02]} O-O {[%emt 0:00:01]} 7. Bg5 {[%emt 0:00:01]} c6 {[%emt 0:00:00]} 8. Bb3 {[%emt 0:00:01]} Qc7 {[%emt 0:00:01]} 9. Re1 {[%emt 0:00:02]} Re8 {[%emt 0:00:00]} 10. Qd2 {[%emt 0:00:02]} Nf8 {[%emt 0:00:01]} 11. Rad1 {[%emt 0:00:01]} Ng6 {[%emt 0:00:02]} 12. h3 {[%emt 0:00:01]} Nh5 {[%emt 0:00:04]} 13. Bxe7 {[%emt 0:00:01]} Qxe7 {[%emt 0:00:00]} 14. Ng5 {[%emt 0:00:03]} Rf8 {[%emt 0:00:05]} 15. dxe5 {[%emt 0:00:03]} dxe5 {[%emt 0:00:01]} 16. Nf3 {[%emt 0:00:03]} Nhf4 {[%emt 0:00:01]} 17. Kh2 {[%emt 0:00:02]} Qf6 {[%emt 0:00:02]} 18. Rg1 {[%emt 0:00:02]} Nxh3 {[%emt 0:00:03]} 19. gxh3 {[%emt 0:00:04]} Qxf3 {[%emt 0:00:01]} 20. Rg3 {[%emt 0:00:01]} Qf4 {[%emt 0:00:01]} 21. Qxf4 {[%emt 0:00:03]} Nxf4 {[%emt 0:00:00]} 22. Rdg1 {[%emt 0:00:02]} g6 {[%emt 0:00:00]} 23. h4 {[%emt 0:00:02]} h5 {[%emt 0:00:02]} 24. Bc4 {[%emt 0:00:03]} Kg7 {[%emt 0:00:01]} 25. Ne2 {[%emt 0:00:02]} Nxe2 {[%emt 0:00:02]} 26. Bxe2 {[%emt 0:00:00]} Kf6 {[%emt 0:00:01]} 27. f4 {[%emt 0:00:03]} Be6 {[%emt 0:00:04]} 28. fxe5+ {[%emt 0:00:02]} Kxe5 {[%emt 0:00:00]} 29. Rg5+ {[%emt 0:00:00]} Kf6 {[%emt 0:00:01]} 30. Bd3 {[%emt 0:00:02]} Rad8 {[%emt 0:00:02]} 31. e5+ {[%emt 0:00:01]} Ke7 {[%emt 0:00:00]} 32. R1g3 {[%emt 0:00:04]} Rd4 {[%emt 0:00:01] Time (Lag: Av=0.38s, max=0.8s)} 0-1

[Event "178th Stay Safe Play From Home series"]
[Site "T#646379Emanuel Laske"]
[Date "2020.05.27"]
[Round "9"]
[White "matanant"]
[Black "Emresenar"]
[Result "0-1"]
[WhiteElo "1676"]
[BlackElo "1699"]
[Annotator "NA"]
[PlyCount "60"]
[EventDate "2020.05.27"]
[EventType "swiss (blitz)"]

1. b3 {[%emt 0:00:03]} b6 {[%emt 0:00:00]} 2. Bb2 {[%emt 0:00:02]} Bb7 {[%emt 0:00:00]} 3. d3 {[%emt 0:00:01]} d6 {[%emt 0:00:02]} 4. e4 {[%emt 0:00:00]} Nd7 {[%emt 0:00:00]} 5. f4 {[%emt 0:00:00]} e6 {[%emt 0:00:01]} 6. Nf3 {[%emt 0:00:00]} Ne7 {[%emt 0:00:01]} 7. Be2 {[%emt 0:00:01]} c5 {[%emt 0:00:00]} 8. O-O {[%emt 0:00:02]} Qc7 {[%emt 0:00:01]} 9. c4 {[%emt 0:00:03]} Ng6 {[%emt 0:00:02]} 10. Qc1 {[%emt 0:00:02]} Nf6 {[%emt 0:00:01]} 11. g3 {[%emt 0:00:04]} Be7 {[%emt 0:00:01]} 12. Nc3 {[%emt 0:00:03]} O-O {[%emt 0:00:00]} 13. Nd1 {[%emt 0:00:02]} a6 {[%emt 0:00:01]} 14. Ne3 {[%emt 0:00:03]} Rfd8 {[%emt 0:00:01]} 15. h4 {[%emt 0:00:01]} Nh5 {[%emt 0:00:04]} 16. Kh2 {[%emt 0:00:04]} d5 {[%emt 0:00:01]} 17. Qc2 {[%emt 0:00:07]} d4 {[%emt 0:00:03]} 18. Ng2 {[%emt 0:00:01]} e5 {[%emt 0:00:05]} 19. f5 {[%emt 0:00:02]} Nf8 {[%emt 0:00:03]} 20. Bc1 {[%emt 0:00:02]} Nf6 {[%emt 0:00:02]} 21. Kh3 {[%emt 0:00:03]} h5 {[%emt 0:00:03]} 22. Nh2 {[%emt 0:00:03]} g6 {[%emt 0:00:01]} 23. g4 {[%emt 0:00:03]} hxg4+ {[%emt 0:00:01]} 24. Nxg4 {[%emt 0:00:01]} Nxg4 {[%emt 0:00:01]} 25. Bxg4 {[%emt 0:00:00]} Nh7 {[%emt 0:00:02]} 26. Bg5 {[%emt 0:00:02]} Bc8 {[%emt 0:00:02]} 27. Bxe7 {[%emt 0:00:02]} Qxe7 {[%emt 0:00:01]} 28. fxg6 {[%emt 0:00:00]} Bxg4+ {[%emt 0:00:02]} 29. Kxg4 {[%emt 0:00:01]} fxg6 {[%emt 0:00:01]} 30. Kh3 {[%emt 0:00:01]} Qe6+ {[%emt 0:00:01] Time (Lag: Av=0.84s, max=1.2s)} 0-1

[Event "178th Stay Safe Play From Home series"]
[Site "T#646379Emanuel Laske"]
[Date "2020.05.27"]
[Round "9"]
[White "Trotsky"]
[Black "Haris kollari 13"]
[Result "0-1"]
[WhiteElo "1580"]
[BlackElo "1612"]
[Annotator "NA"]
[PlyCount "40"]
[EventDate "2020.05.27"]
[EventType "swiss (blitz)"]

1. d4 {[%emt 0:00:01]} e6 {[%emt 0:00:00]} 2. e3 {[%emt 0:00:01]} d5 {[%emt 0:00:00]} 3. c4 {[%emt 0:00:01]} c6 {[%emt 0:00:01]} 4. Nc3 {[%emt 0:00:01]} f5 {[%emt 0:00:01]} 5. Nf3 {[%emt 0:00:01]} Nf6 {[%emt 0:00:01]} 6. Bd3 {[%emt 0:00:01]} Bd6 {[%emt 0:00:01]} 7. c5 {[%emt 0:00:01]} Bc7 {[%emt 0:00:01]} 8. Qc2 {[%emt 0:00:01]} Bd7 {[%emt 0:00:01]} 9. Bd2 {[%emt 0:00:00]} b6 {[%emt 0:00:01]} 10. h4 {[%emt 0:00:01]} bxc5 {[%emt 0:00:01]} 11. g4 {[%emt 0:00:03]} c4 {[%emt 0:00:02]} 12. Be2 {[%emt 0:00:02]} Nxg4 {[%emt 0:00:01]} 13. Kf1 {[%emt 0:00:03]} h5 {[%emt 0:00:01]} 14. Ne5 {[%emt 0:00:03]} Bxe5 {[%emt 0:00:02]} 15. dxe5 {[%emt 0:00:01]} Nxe5 {[%emt 0:00:00]} 16. f4 {[%emt 0:00:10]} Ng4 {[%emt 0:00:02]} 17. Ke1 {[%emt 0:00:03]} g6 {[%emt 0:00:01]} 18. Bxg4 {[%emt 0:00:09]} hxg4 {[%emt 0:00:02]} 19. Kd1 {[%emt 0:00:01]} Rxh4 {[%emt 0:00:01]} 20. Be1 {[%emt 0:00:01]} Rxh1 {[%emt 0:00:03] Trotsky Ñäàåòñÿ (Lag: Av=0.36s, max=0.7s)} 0-1